000
00322nam a22001337a 4500
003
OSt
005
20221117153035.0
008
221117b |||||||| |||| 00| 0 eng d
040
_c
HU
082
_a
620.112
100
_a
Kumar Ranjan
_9
37265
245
_a
Strength Of Materials( Mechanics Of Solids)
942
_2
ddc
_c
BOOKS
_n
0
999
_c
35676
_d
35676